000 00411nam a22001577a 4500
005 20251209144609.0
008 251209b |||||||| |||| 00| 0 eng d
037 _cTB
040 _aAL
_cAL
041 _2URD
_aURD
245 _aTanzur
260 _aDelhi, India:
_bTanzur,
_c1985.
365 _b100.00
_cINR
942 _2CC
_cTB
_n0
999 _c1466106
_d1466106